| 000 -ლიდერი |
| ფიქსირებული სიგრძის საკონტროლო ველი |
00842nam a22001817a 4500 |
| 003 - საკონტროლო ნომრის იდენტიფიკატორი |
| საკონტროლო ველი |
Ge_BSU |
| 005 - ბოლო ოპერაციის თარიღი და დრო |
| საკონტროლო ველი |
20221129102821.0 |
| 008 - ფიქსირებული სიგრძის მონაცემთა ელემენტები - ზოგადი ინფორმაცია |
| ფიქსირებული სიგრძის საკონტროლო ველი |
221129s1968ge xxu||||| |||| 00| 0 geo d |
| 041 ## - ენის კოდი |
| Language code of text/sound track or separate title |
geo |
| 080 ## - უნივერსალური ათობითი კლასიფიკაციის ინდექსი |
| Universal Decimal Classification number |
821.111-31 უ -11 |
| 100 ## - მთავარი ჩანაწერი - პიროვნების სახელი |
| Personal name |
უაილდი, ოსკარ, 1854-1900. |
| 9 (RLIN) |
16183 |
| 245 ## - ცნობა სათაურის შესახებ |
| Title |
დორიან გრეის პორტრეტი = The picture of Dorian Gray / |
| Statement of responsibility, etc |
ოსკარ უაილდი ; თარგმანი ინგლ. თ. მაღრაძისა. |
| 264 ## - წარმოების, გამოცემის, დისტრიბუციის და სხვა ცნობები |
| გამოცემის, წარმოების, დისტრიბუციის... ადგილი |
თბილისი : |
| გამოცემის, წარმოების, დისტრიბუციის... სახელწოდება |
ლიტერატურა და ხელოვნება, |
| გამოცემის, წარმოების, დისტრიბუციის... თარიღი |
1968. |
| 300 ## - ფიზიკური აღწერა |
| Extent |
287 გვ. ; |
| Other physical details |
22 სმ. |
| 653 ## - INDEX TERM--UNCONTROLLED |
| Uncontrolled term |
დორიან გრეის პორტრეტი |
| 700 ## - ADDED ENTRY--PERSONAL NAME |
| Personal name |
მაღრაძე,თ |
| Relator term |
მთარგმნელი |
| 9 (RLIN) |
16184 |
| 942 ## - ADDED ENTRY ELEMENTS (KOHA) |
| Source of classification or shelving scheme |
|
| Koha item type |
წიგნი |